00660nam a2200193Ia 4500952012900000999001700129003000400146005001700150008004100167020001500208040000900223082001800232100002900250245007300279260004500352300000900397650001700406942004300423 00102ddc40708M&HaMESbMEScPHYSd2019-02-20g150.00l0o612.76 MAR/Bp17865r2019-02-20 00:00:00w2019-02-20yBKzU22R2 c35974d35974OSt20201201110232.0190216s9999||||xx |||||||||||||| ||und|| a0198573979 coclc a612.76bMAR/B aMargaria, Rodolfo 97081 0aBiomechanics And Energetics Of Muscular Exercise /cRodolfo Margaria bClarendon Press Oxford,c1976.a London: a141p aBiomechanics cREF2ddch612.76iMAR/Bk612.76mMAR/B